Online Catalogue and eLibrary

Gendering the Tsunami : (Record no. 661)

MARC details
000 -LEADER
fixed length control field 00445nam a2200181Ia 4500
005 - DATE AND TIME OF LATEST TRANSACTION
control field 20240607043335.0
008 - FIXED-LENGTH DATA ELEMENTS--GENERAL INFORMATION
fixed length control field 240331s9999 xx 000 0 und d
020 ## - INTERNATIONAL STANDARD BOOK NUMBER
ISBN 9555801052
082 ## - DDC Classification
Class No. 363.34
Item Number - Author Mark DEM
100 ## - MAIN ENTRY--PERSONAL NAME
Personal name De Mel,N
100 ## - MAIN ENTRY--PERSONAL NAME
Personal name Ruwanpura,K.
245 #0 - TITLE STATEMENT
Title Gendering the Tsunami :
Remainder of title women's experince from Sri Lanka
260 ## - PUBLICATION, DISTRIBUTION, ETC.
Place of publication, distribution, etc. Colombo
Name of publisher, distributor, etc. ICES
Date of publication, distribution, etc. 2006
300 ## - PHYSICAL DESCRIPTION
Extent (e.g. Volumes, Pages etc.) viii,55 p.,
650 ## - SUBJECT ADDED ENTRY--TOPICAL TERM
Topical term or geographic name entry element Women
650 ## - SUBJECT ADDED ENTRY--TOPICAL TERM
Topical term or geographic name entry element Gender
942 ## - Koha item type (Biblio)
Koha item type Books in Stacks (Lending)
Holdings
Lost status Damaged status Collection code Home library Current library Shelving location Date acquired Full call number Accession Number Item type
    Lending WERC Library WERC Library Social Science Cupboard 03/31/2024 363.34 DEM 6268 Books in Stacks (Lending)

© WERC Library